Регионална библиотека "Любен Каравелов" - Русе

Кратка история на Божурище (Запис номер 345279)

MARC детайли
000 -Лидер
Контролно поле с фиксирана дължина nam a22 a 4500
003 - Код на организацията, давaща контролен номер
Контролно поле BLK
005 - Дата и час на последна редакция
Контролно поле 20190918103318.0
008 - Елементи от данни с фиксирана дължина
fixed length control field 190918b bu ||||| |||| 00| 0 bu d
020 ## - Международен стандартен номер на книга ISBN
Международен стандартен номер на книга ISBN 9786190103691
040 ## - Източник на каталожния запис
Идентификатор на билиотеката - собственик на записа BLK
041 ## - Код за език
Код за езика на текст/звукозапис или на отделно заглавие Български
Код за езика КДБФ Български
080 ## - УДК
Текстов определител УДК Краезнание
УДК код - определител по УДК 908
УДК определител (497.22-21)
УДК - код + определител 908(497.22-21)
100 ## - Редна дума - Автор
R(LIN) 286012
Автор Петров, Николай Ангелов
Авторска отговорност първи автор
245 ## - Сведения за заглавието
Заглавие Кратка история на Божурище
Редно поле (дума) Никола Петров ; предг. Румяна Букова
260 ## - Област на издателските данни
9 (RLIN) 210881
Място на издаване, разпространение и проч. София
Име на издателя, разпространителя и проч. Изток-Запад
Година на издаване 2018
300 ## - Физическа характеристика
Страници 223 с.
Илюстрации и др. с портр., ил., факс.
Размери/Мащаб 22 см
380 ## - Жанр
Жанр История
500 ## - Общи забележки
Забележка Биогр. данни за авт. отбелязани на гърба на кор.
700 ## - Други автори (авторска отговорност)
9 (RLIN) 1236
Лично име Букова, Румяна
Автороска отговорност (Описва отношението между автора и произведението) предг. от
999 ## - СИСТЕМНИ КОНТРОЛНИ НОМЕРА
Koha biblionumber 345279
Koha biblioitemnumber 345279
942 ## - АРТИКУЛИ
Вид на библиотечния материал Книги
Скрит в OPAC Не
Периодичен библиозапис Да
944 ## - СЪЗДАВАНЕ И РЕДАКЦИЯ на ЗАПИСА
Създаване/Редакция Създаване
Дата на регистрацията/редакция 2019-09-18
Служител, извършил регистрацията/редакцията В. Р.
Наличности
Код за отписване Код за изгубен артикул Източник на класификационната схема Код за повреда Код за отдаване Артикулен № Име на библиотеката - собственик Име на библиотеката, в която се намира в момента Статус (Текущо местоположение) Дата на вписване в системата Местоположение - отдел Цена в лева Систематично азбучна сигнатура Баркод Цена в евро Служебен тип на артикула
  Не е изгубен Universal Decimal Classification Не е повреден ползва се в читалня 746476 Регионална библиотека "Любен Каравелов" Русе Регионална библиотека "Любен Каравелов" Русе Хранилище 2019-09-25 Хранилище 12.00 Цб 296933 120000836495 6.14 Книги
Vip Innovations Ltd, Rousse, Bulgaria 2025